<?xml version="1.0" encoding="utf-8"?>
<?xml-stylesheet type='text/xsl' href='./oai2.xsl'?>
<OAI-PMH xmlns="http://www.openarchives.org/OAI/2.0/" xmlns:xsi="http://www.w3.org/2001/XMLSchema-instance" xsi:schemaLocation="http://www.openarchives.org/OAI/2.0/ http://www.openarchives.org/OAI/2.0/OAI-PMH.xsd">
  <responseDate>2026-06-07T12:06:41Z</responseDate>
  <request verb="GetRecord" metadataPrefix="marcxml" identifier="record_kuniweb_365131">https://kulturerbe.niedersachsen.de/oai</request>
  <GetRecord>
    <record>
      <header>
        <identifier>record_kuniweb_365131</identifier>
        <datestamp>2026-03-31T19:09:18Z</datestamp>
        <setSpec>slg0175</setSpec>
      </header>
      <metadata>
        <marc:record xmlns:marc="http://www.loc.gov/MARC21/slim" xsi:schemaLocation="http://www.loc.gov/MARC21/slim http://www.loc.gov/standards/marcxml/schema/MARC21slim.xsd">
          <marc:leader>12345nkm  22     uu 4500</marc:leader>
          <marc:controlfield tag="001">365131</marc:controlfield>
          <marc:controlfield tag="003">http://kuniweb.gbv.de</marc:controlfield>
          <marc:controlfield tag="005">2025-05-28T13:10:08</marc:controlfield>
          <marc:controlfield tag="008">|           ||||||||||||||||||||||</marc:controlfield>
          <marc:datafield tag="245" ind1="1" ind2="0">
            <marc:subfield code="a">Heinrich Böse als Obrist der Bremer Bürgerwehr (Foto von Röthlisberger, Vegesack)</marc:subfield>
          </marc:datafield>
          <marc:datafield tag="655" ind1=" " ind2="7">
            <marc:subfield code="a">Fotografie</marc:subfield>
          </marc:datafield>
          <marc:datafield tag="046" ind1=" " ind2=" ">
            <marc:subfield code="k">1901</marc:subfield>
            <marc:subfield code="k">1901 (Entstehung des Fotos)</marc:subfield>
          </marc:datafield>
          <marc:datafield tag="260" ind1=" " ind2=" ">
            <marc:subfield code="g">1901</marc:subfield>
            <marc:subfield code="g">1901 (Entstehung des Fotos)</marc:subfield>
          </marc:datafield>
          <marc:datafield tag="300" ind1=" " ind2=" ">
            <marc:subfield code="a">Höhe: 14 cm (Rahmenmaß 22)
Breite: 11 cm (Rahmenmaß 19,5)</marc:subfield>
          </marc:datafield>
          <marc:datafield tag="520" ind1=" " ind2=" ">
            <marc:subfield code="a">„Hauptmann Heinrich (Henrich) Böse.
geb. am 4. April 1783 in Bremen u. dort gest. am 15 Aug. 1867 / war mit seinem Bruder Nikolaus Inhaber der vom Vater / Joh. Böse (geb. 1739 in Stotel) begründeten Zuckerfabrik. In / 1813/14 u. 1815 rüstete Böse (unter Mitwirkung des Bruders) / eine Compagnie freiwilliger Jäger aus, zu deren Hauptmann / der Bremer Senat ihn ernannte. Die „Böse’schen Jäger“ waren mit der hanseatischen Legion der Armee des / Kronprinzen von Schweden zugeteilt, kamen aber zu / ihrem und ihres Führers Bedauern nicht an den Feind, / da grundlose Wege das rechtzeitige Eintreffen auf den / belgischen Schlachtfeldern vereitelten. – Nach dem Abschluß / der Kämpfe gegen Frankreich organisirte Boese die Bremer / Bürgerwehr. In der Uniform eines Obersten derselben / stellt ihn dies Bild dar, dessen Original (als Miniatur / auf Elfenbein etwa 1817 durch Frau Senator Hartlaub / geb. Buch in Bremen gemalt) sich im Besitz einer Enkelin Boeses / in Nord-America befindet. Photogr. nachgebildet durch Röthlisberger / in Vegesack 1901. 	C. W. Schultze, Enkel v. Hptm B. – Vegesack“ (A. Behne 05/2017)

Aufschrift:
„Hauptmann Heinrich (Henrich) Böse. geb. am 4. April 1783 in Bremen u. dort gest. am 15 Aug. 1867 [...] / In der Uniform eines Obersten derselben / stellt ihn dies Bild dar, dessen Original (als Miniatur / auf Elfenbein etwa 1817 durch Frau Senator Hartlaub / geb. Buch in Bremen gemalt) sich im Besitz einer Enkelin Boeses / in Nord-America befindet. Photogr. nachgebildet durch Röthlisberger / in Vegesack 1901. C. W. Schultze, Enkel v. Hptm B. – Vegesack“ (vollst. rücks. Aufschrift von C. W. Schultze, Vegesack, unter "Beschreibung")</marc:subfield>
          </marc:datafield>
          <marc:datafield tag="650" ind1="1" ind2=" ">
            <marc:subfield code="a">Grafik, Fotografie &gt; Fotografie</marc:subfield>
          </marc:datafield>
          <marc:datafield tag="773" ind1="0" ind2=" ">
            <marc:subfield code="t">Sammlung und Nachlass Hermann Allmers</marc:subfield>
          </marc:datafield>
          <marc:datafield tag="852" ind1=" " ind2=" ">
            <marc:subfield code="a">Allmers-Haus</marc:subfield>
          </marc:datafield>
          <marc:datafield tag="" ind1=" " ind2=" ">
            <marc:subfield code="a">Sammlung und Nachlass Hermann Allmers sind Eigentum der Hermann-Allmers-Gesellschaft e. V. und werden in zwei Teilen an zwei Standorten verwahrt:
Die (museale) Sammlung, bestehend aus Mobiliar und Hausgerät, Tafelgemälden, kleineren und größeren Antiken, Gipsabgüssen, kunsthandwerklichen Objekten aus Keramik und Glas und einer kleinen Bibliothek, befindet sich im Allmers-Haus in Rechtenfleth.
Der literarische, grafische und fotografische "Nachlass Hermann Allmers" hingegen ist im Archiv des Landkreises Cuxhaven in Otterndorf deponiert.</marc:subfield>
          </marc:datafield>
          <marc:datafield tag="" ind1=" " ind2=" ">
            <marc:subfield code="a">Namensnennung - Nicht kommerziell - Keine Bearbeitungen 4.0 International (CC BY-NC-ND 4.0)</marc:subfield>
          </marc:datafield>
        </marc:record>
      </metadata>
    </record>
  </GetRecord>
</OAI-PMH>
